| 000 | 00417nam a2200181Ia 4500 | ||
|---|---|---|---|
| 005 | 20240823033706.0 | ||
| 008 | 240823s9999||||xx |||||||||||||| ||und|| | ||
| 041 | _aENGLISH | ||
| 082 | _A609 Q2 | ||
| 100 | _aMinerva Publications | ||
| 245 | 0 | _aInventions Discoveries | |
| 250 | _a1st | ||
| 260 |
_c2012 _b"Minerva Pub, Ch" |
||
| 500 | _aDISPLAY | ||
| 650 |
_aGeneral _bGeneral |
||
| 942 | _cBK | ||
| 999 |
_c196426 _d196426 |
||